Guess The Beatles Albums - Statistics

General Stats
  • This quiz has been taken 36 times
  • The average score is 12 of 14
Answer Stats
Picture Answer % Correct
Abbey Road
100%
The White Album
100%
Help!
97%
Yellow Submarine
97%
Let It Be
94%
Revolver
94%
Rubber Soul
91%
Sgt Pepper's Lonely Hearts Club Band
91%
A Hard Days Night
86%
Please Please Me
86%
Magical Mystery Tour
83%
With The Beatles
83%
Beatles For Sale
77%
Beatles Anthology
54%
No matching quizzes found
Score Distribution
Percent of People with Each Score
Percentile by Number Answered
Your Score History
You have not taken this quiz